Football by Regions - East Africa - Statistics

General Stats
  • This quiz has been taken 3 times
  • The average score is 14 of 20
Answer Stats
Picture Answer % Correct
Al-Hilal Omdurman
100%
Ferroviario de Maputo
100%
Simba (Dar es Salaam)
100%
Vipers FC
100%
AFC Leopards
67%
Armée Patriotique Rwandaise
67%
Azam United
67%
Dynamos Harare
67%
FC Platinum
67%
Gor Mahia
67%
Kampala Capital City Authority
67%
Mbabane Swallows
67%
Nkana Red Devils
67%
Nyasa Big Bullets
67%
Rayon Sports
67%
Saint George
67%
Young Africans
67%
Zanaco
67%
ZESCO United
67%
Al-Merreikh Omdurman
33%
No matching quizzes found
Score Distribution
Percent of People with Each Score
Percentile by Number Answered
Your Score History
You have not taken this quiz